01014nas a2200229Ia 4500001001100000003000900011008004100020040001300061040001300074041001300087100004600100210001900146222001900165245010500184250001100289260005100300501008600351300001900437362003400456500025500490650003900745R452/A1037IT-RoPAU151124c99999999xx |||||||||||| ||und|| aIT-RoPAU cIT-RoPAU aITALIANO aSobrero AlbertogCodice Aut. SPICS: 1160 aVITA PASTORALE aVita Pastorale aVITA PASTORALE, ANNO 79-N.10 (OTTOBRE 1991)bAntico E Moderno A Confronto-Mass Media E Sottosviluppo a1a ed. aMILANObSOCIETA' S. PAOLO GRUPPO PERIOD.c1991 bPaulus - SPICS - Società San Paolo EM (non-commercial uses only)cCopyright2015 a4 p. [122-125] aANNO 079, N.10 (OTTOBRE 1991) aGrandi Processi di Modernizzazione Culturale in Atto in Terra D'Africa. Rapporto Stampa-Televisione. Sviluppo dei Programmi Televisivi e Necessità di Rispondere Alle Esigenze Immediate di una Popolazione Alla Ricerca Delle Proprie Radici Culturali. aPASTORALEvPUBBLICAZIONE PERIODICA